| 000 | 005400000a22002050004500 | ||
|---|---|---|---|
| 003 | LK-CoMWRAF | ||
| 005 | 20231026235831.0 | ||
| 008 | 230817t ||||| |||| 00| 0 eng d | ||
| 020 | _a0860371085 | ||
| 040 |
_aLK-CoMWRAF _dLK-CoMWRAF _eLK-CoMWRAF |
||
| 041 | _aeng | ||
| 082 |
_a220.95 _bMUR |
||
| 100 | _aMurad, Khurram | ||
| 245 | _aLove your God | ||
| 260 |
_aU.K. : _bThe Islamic foundation, _c1982 |
||
| 300 | _a36p | ||
| 650 | _aLove -- Religious aspects -- Christianity | ||
| 650 | _aGod (Christianity) -- Love | ||
| 942 | _cBK | ||
| 999 |
_c2055 _d2055 |
||